000 00697nam a2200205 a 4500
001 000024368
005 20200930022942.0
008 110126s1964 sp ac r 000 0 spa d
040 _aDO-SdBNP
_bspa
_cBNPHU
041 1 7 _aspa
_hswe
_2Código de idiomas MARC
082 _annnn
_bB653o
100 1 _aBlomberg, Rolf,
_d1912-1996
_949976
240 1 0 _aGuld att hämta.
_lEspañol
245 1 0 _aOro enterrado y anacondas /
_cRolf Blomberg ; traducción de Mariano Orta Manzano.
260 _aBarcelona :
_bJuventud,
_c1964.
300 _a189, [2] p. :
_bil., retrs. ;
_c23 cm.
534 _pTítulo original en sueco:
_tGuld att hämta.
700 1 _aOrta Manzano, Mariano,
_etr.
_948187
049 _aBNGR
999 _c23861
_d23861